Aj alpská krajina ide opatrne k integrácii väčšina Švajčiarov prejavuje záujem o členstvo v Európskej únii

Bibliographic Details
Main Author: Smolík, Milan (Author)
Format: Article
Language:Slovak
Subjects:

MARC

LEADER 00000nab a2200000 a 4500
001 vtls000651944
003 SK-MaSNL
005 20260304052311.0
008 180206c1998 xo 0 slo
015 |a SNBRA1998/03-05936 
035 |a CLN000004138 
040 |a SNKBUCL  |b slo  |c SNKBUCL  |e AACR2 
041 0 |a slo 
044 |a xo  |c SK 
080 |a 327(494:4):339.923(4)  |2 UDC-MRF-SK2 
100 1 |a Smolík, Milan  |4 aut  |9 269014 
245 1 0 |a Aj alpská krajina ide opatrne k integrácii  |b väčšina Švajčiarov prejavuje záujem o členstvo v Európskej únii  |c Milan Smolík 
610 2 7 |a Európska únia  |2 SNKKA  |9 29861 
651 7 |a Švajčiarsko  |2 snkbucl  |9 20143 
655 7 |a články z novín a časopisov  |2 snkbucl  |2 snkbucl  |9 267496 
773 0 |t Slovenská republika  |g Roč. 6, č. 51 (3.3.1998), s. 6 
850 |a Slovenská národná knižnica v Martine 
852 |a SNK  |b KIS3GCP 
958 |a RBX  |x rozpis článkov z periodík 
999 |c 2707643  |d 2709573